ਇਕਬਾਲ ਡੀ ਸ਼ਾਇਰੀ / (Record no. 111212)

MARC details
000 -LEADER
fixed length control field 00982nam a22002537a 4500
005 - DATE AND TIME OF LATEST TRANSACTION
control field 20170123164203.0
010 ## - LIBRARY OF CONGRESS CONTROL NUMBER
LC control number B-079858
020 ## - INTERNATIONAL STANDARD BOOK NUMBER
Terms of availability 75.00
035 ## - SYSTEM CONTROL NUMBER
System control number B-079858
037 ## - SOURCE OF ACQUISITION
Source of stock number/acquisition Cen Lib/Ret
040 ## - CATALOGING SOURCE
Original cataloging agency DPL
Language of cataloging PN
082 ## - DEWEY DECIMAL CLASSIFICATION NUMBER
Classification number 841
Item number ਸੂਰੀਕੁ
245 ## - TITLE STATEMENT
Title ਇਕਬਾਲ ਡੀ ਸ਼ਾਇਰੀ /
Statement of responsibility, etc ਸੰਪਾਦਕ ਕੁਲਵੰਤ ਸਿੰਘ ਸੂਰੀ
246 ## - VARYING FORM OF TITLE
Title proper/short title Iqbal di shairee /
Remainder of title by Kulwant Singh Suri
260 ## - PUBLICATION, DISTRIBUTION, ETC. (IMPRINT)
Place of publication, distribution, etc ਅੰਮ੍ਰਿਤਸਰ
Name of publisher, distributor, etc ਲੋਕ ਸਾਹਿਤ ਪ੍ਰਕਾਸ਼ਨ
Date of publication, distribution, etc 1990
270 ## - ADDRESS
Address 186, Green Avenue
City ਅੰਮ੍ਰਿਤਸਰ
Postal code 143001
300 ## - PHYSICAL DESCRIPTION
Extent 136p ;
Dimensions 20cm
650 ## - SUBJECT ADDED ENTRY--TOPICAL TERM
Topical term or geographic name as entry element ਪੰਜਾਬੀ-- ਸਾਹਿਤ
9 (RLIN) 139191
650 ## - SUBJECT ADDED ENTRY--TOPICAL TERM
Topical term or geographic name as entry element ਪੰਜਾਬੀ--ਕਵਿਤਾ
9 (RLIN) 139192
650 ## - SUBJECT ADDED ENTRY--TOPICAL TERM
Topical term or geographic name as entry element literature--Punjabi
9 (RLIN) 139193
650 ## - SUBJECT ADDED ENTRY--TOPICAL TERM
Topical term or geographic name as entry element Punjabi - Poem
9 (RLIN) 121105
700 ## - ADDED ENTRY--PERSONAL NAME
Personal name ਸੂਰੀ, ਕੁਲਵੰਤ ਸਿੰਘ
9 (RLIN) 139194
942 ## - ADDED ENTRY ELEMENTS (KOHA)
Source of classification or shelving scheme Dewey Decimal Classification
Koha item type Punjabi Bks
Classification part 841
Call number suffix ਸੂਰੀਕੁ
Holdings
Withdrawn status Lost status Damaged status Not for loan Home library Current library Date acquired Source of acquisition Cost, normal purchase price Total Checkouts Full call number Barcode Date last seen Copy number Cost, replacement price Price effective from Koha item type
        Central Library Central Library 18/03/2016 Cen Lib/Ret 75.00   841 ਸੂਰੀਕੁ B-079858 18/03/2016 1 75.00 18/03/2016 Punjabi Bks

© Delhi Public Library
Hit Counter
free hit counter